Juno - Sabrina Carpenter (All Lyrics) - Statistics

General Stats
  • This quiz has been taken 89 times
  • The average score is 288 of 328
Answer Stats
Lyrics % Correct
I
98%
you
98%
You
98%
you,
98%
a
97%
Juno
97%
on
97%
so
97%
wanna
97%
Wanna
97%
fall
95%
in
95%
know
95%
love
95%
make
95%
me
95%
me,
95%
One
95%
one?
95%
one
95%
the
95%
try
95%
If
93%
if
93%
let
93%
Let
93%
my
93%
then
93%
to
93%
want
93%
who
93%
baby,
91%
baby
91%
might
91%
Might
91%
(Might)
91%
tell
91%
Tell
91%
but
90%
for
90%
have
90%
Have
90%
I'm
90%
just
90%
knows?
90%
this
90%
and
88%
Give
88%
life
88%
only,
88%
only
88%
touch
88%
tried
88%
your
88%
ever
86%
fuckin'
86%
horny
86%
is
86%
it
86%
of
86%
Oh
86%
Oh,
86%
right,
86%
some
86%
tonight
86%
we
86%
cute,
84%
explore
84%
Adore
83%
positions?
83%
two
83%
Don't
81%
down
81%
freaky
81%
though?
81%
friends,
78%
Hold
78%
get
76%
lock
76%
Mark
76%
night,
76%
pink
76%
feel
74%
handcuffs?
74%
out
74%
territory
74%
at
72%
'bout
71%
fuzzy
71%
high
71%
late
71%
like
71%
thing
71%
yeah,
71%
bless
69%
come
69%
than
69%
thinking
69%
dad's
67%
God
67%
hear
67%
more
67%
objectified
67%
way
67%
are
66%
butterflies
66%
Can't
66%
genetics,
66%
Sorry
66%
up
64%
knockin'
62%
babe,
60%
high-fived
60%
package,
59%
ah
57%
hot
57%
ass
55%
showed
55%
hormones
53%
myself,
53%
fit
52%
Whole
52%
help
50%
No matching quizzes found
Score Distribution
Percent of People with Each Score
Percentile by Number Answered
Your Score History
You have not taken this quiz